00193nam a2200073Ia 4500008004100000100002000041245002600061260003200087190216s9999||||xx |||||||||||||| ||und|| aKarel Garrisan 0aEducationalphsycology bVakils Feffer & Simons Pvt.